Corporate social responsibility and marketing ethics (Record no. 4961)

MARC details
000 -CABECERA
campo de control de longitud fija 02761nam a2200373 i 4500
001 - NÚMERO DE CONTROL
campo de control 991025533514107026
003 - IDENTIFICADOR DEL NÚMERO DE CONTROL
campo de control UkOxU
005 - FECHA Y HORA DE LA ÚLTIMA TRANSACCIÓN
campo de control 20260512145753.0
006 - CÓDIGOS DE INFORMACIÓN DE LONGITUD FIJA--CARACTERÍSTICAS DEL MATERIAL ADICIONAL
campo de control de longitud fija m o d |
007 - CAMPO FIJO DE DESCRIPCIÓN FÍSICA--INFORMACIÓN GENERAL
campo de control de longitud fija cr#cnu||||||||
008 - DATOS DE LONGITUD FIJA--INFORMACIÓN GENERAL
campo de control de longitud fija 230503s2023 enka ob 001 0 eng d
020 ## - NÚMERO INTERNACIONAL ESTÁNDAR DEL LIBRO
Número Internacional Estándar del Libro 9781032329239
035 ## - NÚMERO DE CONTROL DEL SISTEMA
Número de control de sistema (MiAaPQ)EBC7169177
035 ## - NÚMERO DE CONTROL DEL SISTEMA
Número de control de sistema (Au-PeEL)EBL7169177
035 ## - NÚMERO DE CONTROL DEL SISTEMA
Número de control de sistema (OCoLC)1357018342
035 ## - NÚMERO DE CONTROL DEL SISTEMA
Número de control de sistema (NjHacI)9925945571300041
035 ## - NÚMERO DE CONTROL DEL SISTEMA
Número de control de sistema (CKB)25945571300041
035 ## - NÚMERO DE CONTROL DEL SISTEMA
Número de control de sistema (EXLCZ)9925945571300041
040 ## - FUENTE DE LA CATALOGACIÓN
Centro catalogador/agencia de origen MiAaPQ
Lengua de catalogación eng
Normas de descripción rda
-- pn
Centro/agencia transcriptor MiAaPQ
Centro/agencia modificador MiAaPQ
041 ## - CÓDIGO DE LENGUA
Código de lengua del texto/banda sonora o título independiente English
050 #4 - SIGNATURA TOPOGRÁFICA DE LA BIBLIOTECA DEL CONGRESO
Número de clasificación HD60
Número de documento/Ítem .H693 2023
100 ## - ENTRADA PRINCIPAL--NOMBRE DE PERSONA
Nombre de persona Howaniec, Honorata
Término indicativo de función/relación author
9 (RLIN) 25913
245 10 - MENCIÓN DE TÍTULO
Título Corporate social responsibility and marketing ethics
Resto del título : the effects of value-based marketing on consumer behaviour
Mención de responsabilidad, etc. / Honorata Howaniec.
260 ## - PUBLICACIÓN, DISTRIBUCIÓN, ETC.
Lugar de publicación, distribución, etc. Abingdon, England :
Nombre del editor, distribuidor, etc. Routledge,
Fecha de publicación, distribución, etc. 2023.
300 ## - DESCRIPCIÓN FÍSICA
Extensión 225 pages :
Otras características físicas illustrations, charts, tables (black and white) ;
Dimensiones 24 cm.
490 ## - MENCIÓN DE SERIE
Mención de serie Routledge Studies in Marketing Series
504 ## - NOTA DE BIBLIOGRAFÍA, ETC.
Nota de bibliografía, etc. Includes bibliographical references and index.
505 0# - NOTA DE CONTENIDO CON FORMATO
Nota de contenido con formato Corporate social responsibility: genesis and the role of ethics in shaping the concept<br/>— The essence of corporate social responsibility<br/>— Social responsibility and value-based marketing<br/>— Shaping value-based marketing<br/>— Value creation in practice — social responsibility as an element of enterprise value; research results.
520 ## - SUMARIO, ETC.
Sumario, etc. Changes in the economy and greater competition force us to adapt our business practices and to take greater account of the needs of consumers and the social problems they care about. Consumers are placing an increasing weight on the social responsibility of the organisations they choose to purchase from and associate with, and businesses must adopt corporate social responsibility (CSR) practices into their marketing strategies.<br/><br/>This book demonstrates the concept of CSR and how it is included as an element of value-based marketing. Using research from the Polish market, the author explores the concept of value-based marketing, how organisations are implementing CSR, and analyses the effect on consumer behaviour. It examines consumer awareness of CSR practices and the effect this has on their purchasing decisions and brand loyalty, making the argument that disregarding CSR can be detrimental to businesses success and profit.<br/><br/>Providing both empirical and theoretical perspectives, this book will be a useful reference for scholars and upper-level students across business disciplines including marketing, CSR, and business ethics.
650 #0 - PUNTO DE ACCESO ADICIONAL DE MATERIA--TÉRMINO DE MATERIA
Término de materia o nombre geográfico como elemento de entrada Social responsibility of business
9 (RLIN) 2683
650 #0 - PUNTO DE ACCESO ADICIONAL DE MATERIA--TÉRMINO DE MATERIA
Término de materia o nombre geográfico como elemento de entrada Marketing
Subdivisión general Moral and ethical aspects
9 (RLIN) 23367
650 #0 - PUNTO DE ACCESO ADICIONAL DE MATERIA--TÉRMINO DE MATERIA
Término de materia o nombre geográfico como elemento de entrada Consumer behavior
9 (RLIN) 997
942 ## - ELEMENTOS DE ENTRADA AGREGADA (KOHA)
Fuente del sistema de clasificación o colocación Clasificación de Library of Congress
Holdings
Estado de retiro Estado de pérdida Fuente del sistema de clasificación o colocación Estado dañado No para préstamo Biblioteca de origen Biblioteca actual Fecha de adquisición Total de préstamos Signatura topográfica completa Código de barras Fecha visto por última vez Número de copia Precio válido a partir de Tipo de ítem Koha
    Clasificación de Library of Congress     TBS Barcelona TBS Barcelona 17/09/2025   HD60 HOW B05703 17/09/2025 1 17/09/2025 Book

Powered by Koha